Okres międzywojenny - prawda czy fałsz? - Statystyki

Ogólne statystyki
  • Ten quiz został rozwiązany 29 razy
  • Średni wynik to 15 z 27
Statystyki odpowiedzi
Zagadnienie Odpowiedź % Poprawnych
Polskę na konferencji w Paryżu, reprezentował wpływowy Roman Dmowski Prawda
84%
To prawda, że w pewnej chwili Warszawa była pod sowieckim oblężeniem Prawda
76%
Traktat Wersalski ustalał wszystkie granice II RP Fałsz
72%
To prawda, że po oddaniu funkcji Naczelnika Państwa, Piłsudski do śmierci nie interesował się Polską polityką Fałsz
72%
Na niektórych terenach przyłączonych w wyniku pokoju Polsko-Sowieckiego, Polacy znajdowali się w mniejszości Prawda
72%
Józef Piłsudski sprawował władzę dyktatorską, pomimo już obradującego Sejmu Prawda
68%
To prawda, że w pewnej chwili wojny Polsko-Bolszewickiej, Polacy kontrolowali Mińsk i Kijów Prawda
68%
To prawda, że w pewnej chwili wojny Polsko- Bolszewickiej, Bolszewicy kontrolowali Lublin i Wilno Prawda
68%
Pierwszym premierem Polski został Ignacy Paderewski Prawda
64%
Początkowo walutą Polski była marka Prawda
64%
To prawda, że w nowopowstałym Sejmie dużo mandatów zgarnęła Komunistyczna Partia Polski Fałsz
60%
De facto miejsce Józefa Piłsudskiego na Polskiej scenie politycznej przejął jego bliski współpracownik Walery Sławek Fałsz
60%
To prawda, że prezydent bezpowrotnie rozwiązał parlament w 1926 roku w celu skonsolidowania swojej dyktatury Fałsz
56%
Ruch zwany "Sanacją" został stworzony przez opozycję, jako odpowiedź na Przewrót Majowy jak i rosnącą siłę prezydenta Fałsz
56%
To prawda, że w pewnym momencie w Polskim rządzie było więcej pułkowników niż cywilnych ekspertów Prawda
56%
To prawda, że Polska rozważała zakup Madagaskaru od Francji Prawda
56%
To prawda, że Żydzi stanowili prawie 30% populacji Polski w 1939 roku Prawda
56%
Polska odzyskała niepodległość 11 listopada 1918 dokładnie o godzinie 11:11 Prawda
52%
To prawda, że Polacy upozorowali bunt żołnierzy, aby przyłączyć Wilno do Polski Prawda
52%
To prawda, że Piłsudski zasugerował aliantom w 1934 roku, przeprowadzenie wojny prewencyjnej w stosunku do III Rzeszy Prawda
52%
Bezpośrednią konsekwencją Przewrotu Majowego, była nominacja Ignacego Mościckiego na prezydenta Polski Prawda
44%
II RP graniczyła z Łotwą Prawda
44%
To prawda, że premier Polski zasugerował możliwość ofensywy na Moskwę Prawda
36%
Konstytucja Marcowa dawała silną i ściśle scentralizowaną władzę prezydentowi i rządowi Fałsz
32%
Przewrót Majowy był dobrze zorganizowany, większość oddziałów pro-rządowych poddała się bez walki Fałsz
32%
Polacy używali lotnictwa w czasie trwania wojny Prawda
32%
Początkowo rząd Polski rozważał utworzenie stolicy w Krakowie Fałsz
24%
Nie znaleziono quizów pasujących do podanych kryteriów
Rozkład punktacji
Procent ludzi z każdym wynikiem
Percentyl według liczby udzielonych odpowiedzi
Twoja historia wyników
Nie rozwiązałeś tego quizu